| 000 | 01295cam a22002775a 4500 | ||
|---|---|---|---|
| 001 | L159663 | ||
| 008 | 150226s2017 xxk f 000 0 eng d | ||
| 035 | _a(Sirsi) u159663 | ||
| 041 | 0 | _aeng | |
| 100 | 1 | _aBurgess, Matt | |
| 245 | 0 | 0 | _aUncharted territory |
| 260 | _c2017 | ||
| 490 |
_aModus _vJune 2017, 26-30(5) |
||
| 520 | _aDescribes several projects (Missing Maps, What3words, OpenStreetMap) which address a lack of geographical data in the places where humanitarian organisations and other NGOs work, trying to put the vulnerable communities on the map and help to prevent the spread of diseases. Another project, City Verve, is aiming to connect the Manchester city's health, transport, environment and other services to the web with sensors and the internet of things (IoT) to create a hyper-connected, hyper-efficient smart city framework. The Global Earth Observation System of Systems (GEOSS) puts Earth observation data from multiple resources on to a world map. | ||
| 590 | _aKA | ||
| 650 | 2 | 4 | _aCARTOGRAPHY |
| 650 | 2 | 4 | _aMAPPING |
| 650 | 2 | 4 | _aGEOGRAPHICAL INFORMATION |
| 650 | 2 | 4 | _aSMART CITIES |
| 650 | 2 | 4 | _aMAPPING THE WORLD |
| 650 | 2 | 4 | _aDATA COLLECTION |
| 650 | 2 | 4 | _aSATELLITE MAPPING |
| 650 | 2 | 4 | _aCLIMATE CHANGE |
| 690 |
_aGeomatics _96242 |
||
| 942 | _n0 | ||
| 999 |
_c84898 _d84898 |
||